YA Book Quiz - Statistics

General Stats
  • This quiz has been taken 182 times
  • The average score is 11 of 15
Answer Stats
Hint Answer % Correct
Divergent 1 Divergent
96%
Hunger Games 1 Hunger Games
95%
Hunger Games 3 Mockingjay
95%
Hunger Games 2 Catching Fire
93%
Mortal Instruments 1 City of Bones
88%
Divergent 2 Insurgent
87%
Divergent 3 Allegiant
80%
Mortal Instruments 2 City of Ashes
73%
Matched 1 Matched
73%
Mortal Instruments 3 City Of Glass
72%
Mortal Instruments 6 City Of Heavenly Fire
66%
Mortal Instruments 5 City of Lost Souls
61%
Mortal Instruments 4 City of Fallen Angels
60%
Matched 2 Crossed
48%
Matched 3 Reached
41%
No matching quizzes found
Score Distribution
Percent of People with Each Score
Percentile by Number Answered
Your Score History
You have not taken this quiz